Introduction" from forces of labor: Worker''s movements and globalization since 1870 /

Збережено в:
Бібліографічні деталі
Автор: Silver, Beverly J.
Формат: Текст
Теги: Додати тег
Немає тегів, Будьте першим, хто поставить тег для цього запису!

MARC

LEADER 00000 a a2200000 04500
001 40128
003
040
100 |a Silver, Beverly J.  
245 |a Introduction" from forces of labor:   |b Worker''s movements and globalization since 1870 /  |c Beverly J. Silver  
590
773 |g páginas 135-146  
999 |c 30724  |d 30724